000 00531nam a22001931a 4500
001 113
003 OSt
005 20260204211642.0
008 031123s1997||||Ar ||||||b||||||||||x ||
020 _a9505772165
082 _a916.89 C111e
100 _aCafello, Javier O.
245 _aLas enfermedades mentales: Clasificación y breves nociones / Javier O. Cafello
264 _aArgentina: De Belgrano
300 _a95 p
500 _aIncluye bibliografía
650 _a1.Psiquiatría 2.Enfermedades MentalesÌ
942 _2ddc
_cBK
999 _c113
_d113